Sports Quiz

Random Sports or Baseball Quiz

Baseball Players By Number Quiz Stats

 Plays Quiz not verified by Sporcle

Support Sporcle.
Go Orange.
Score 0/30 Timer 05:00
0 Plays Today
number name % Correct
24Cano
85.1%
15Pedroia
75.9%
2Upton
73.6%
10Upton
73.6%
5Gonzalez
70.1%
1Roberts
69%
7Reyes
69%
35Verlander
67.8%
5Pujols
67.8%
32Hamilton
65.5%
51Suzuki
64.4%
55Lincecum
64.4%
19 Votto
63.2%
27Kemp
63.2%
11Rollins
62.1%
number name % Correct
45Lee
58.6%
55Johnson
57.5%
48Hafner
55.2%
16Butler
50.6%
22Heyward
49.4%
22McCutchen
48.3%
23Weeks
43.7%
26Lind
39.1%
21Young
37.9%
36Weaver
33.3%
37Strasberg
25.3%
38 Latos
23%
14Ellis
19.5%
10Rameriez
2.3%
16Rameriez
2.3%

You're not logged in!

Compare scores with friends on all Sporcle quizzes.
OR
Log In

From the Vault

Older Than Sliced Bread

by Bolafssonify

Since sliced bread was invented in 1928, it's been the gold standard of comparison to impressive inventions. We still have no idea why.
Remove Ads.
Support Sporcle.
Get the best of Sporcle when you Go Orange. This ad-free experience offers more features, more stats, and more fun while also helping to support Sporcle. Thank you for becoming a member.

Show Comments

Extras

Created Feb 23, 2011ReportNominate
Tags:Baseball Quiz

Top Quizzes Today


Score Distribution

Your Account Isn't Verified!

In order to create a playlist on Sporcle, you need to verify the email address you used during registration. Go to your Sporcle Settings to finish the process.

Report this User

Report this user for behavior that violates our Community Guidelines.

Details: